000 02093nam a22003131 4500
005 20050808122104.0
008 721219s1962 nyu 000 0 eng
010 _aB-346798-804
020 _a9780007276639
_c225.00
020 _a9780007276639
_c225.00
035 _aB-346798-804
037 _bAakar Books
040 _adpl
_bEnglish
082 _aN
100 _aBarton, Beverly
245 _aThe dying game /
_cby Beverly Barton
260 _aLondon
_bHarper-Collins Publishers
_c2008
270 _a77-85 Fullham Palace Road
_b, London
_eW6 8JB
300 _a447p
_c18 cm (pbk)
942 _2ddc
_cEN
_hN
_mBAR
999 _c23778
_d23778